LEADER 01088nam2 2200289 450 001 000003544 005 20100302161811.0 010 $a978-88-8016-942-0 100 $a20020207d2009----km-y0itay50------ba 101 0 $aita 102 $aIT 105 $aa-------001yy 200 1 $aCorpus delle uniformi civili$eun progetto di catalogazione informatizzata$fCarla Cavelli Traverso$gcon un saggio di Maddalena Magnano e Maria Rosa Merello 210 $aRoma$cDe Luca$d2009 215 $a103 p.$cill.$d24 cm 410 0$12001 500 10$aCorpus delle uniformi civili : un progetto di catalogazione informatizzata$952211 610 1 $aUniformi civili$aSec. 18.-20. 676 $a391$v20$9Abbigliamento e aspetto personale 700 1$aCavelli Traverso,$bCarla$0294688 701 1$aMagnano,$bMaddalena$0630164 702 1$aMerello,$bMaria Rosa 801 0$aIT$bUNIPARTHENOPE$c201000302$gRICA$2UNIMARC 912 $a000003544 951 $a391-C/1$b42030$cNAVA1$d2010 996 $aCorpus delle uniformi civili : un progetto di catalogazione informatizzata$952211 997 $aUNIPARTHENOPE